Normal view
MARC view
Entry Topical Term
001 - CONTROL NUMBER
- control field: 1894
003 - CONTROL NUMBER IDENTIFIER
- control field: OSt
005 - DATE AND TIME OF LATEST TRANSACTION
- control field: 20230626130855.0
008 - FIXED-LENGTH DATA ELEMENTS
- fixed length control field: 230626|| aca||aabn | a|a d
040 ## - CATALOGING SOURCE
- Original cataloging agency: OSt
- Transcribing agency: OSt
150 ## - HEADING--TOPICAL TERM
- Topical term or geographic name entry element: Constitutional law
- Geographic subdivision: Ghana
670 ## - SOURCE DATA FOUND
- Source citation: Work cat.: (OSt)0: Kumado, Kofi, 1893, A handbook of the constitutional law of Ghana and its history. /
